000 00427nam a2200133Ia 4500
008 151001s9999||||xx |||||||||||||| ||und||
100 _aसुकन पासवान प्रज्ञाचक्षु
245 _aसामजिक प्राणी नही है आदमी
250 _a1
260 _bमित्तल एंड सन्स
260 _c2007
300 _a200
365 _b21
999 _c992578
_d992575